<?xml version="1.0" encoding="UTF-8"?>
<collection xmlns="http://www.loc.gov/MARC21/slim">
<record>
  <controlfield tag="001">5887</controlfield>
  <controlfield tag="005">20241203110535.0</controlfield>
  <datafield tag="024" ind1="7" ind2=" ">
    <subfield code="a">10.1093/gji/ggac469</subfield>
    <subfield code="2">DOI</subfield>
  </datafield>
  <datafield tag="037" ind1=" " ind2=" ">
    <subfield code="a">SCART-2022-0113</subfield>
  </datafield>
  <datafield tag="100" ind1=" " ind2=" ">
    <subfield code="a">Yates, Alexander</subfield>
  </datafield>
  <datafield tag="245" ind1=" " ind2=" ">
    <subfield code="a">Assessing Similarity in Continuous Seismic Cross-Correlation Functions Using Hierarchical Clustering: Application to Ruapehu and Piton de La Fournaise Volcanoes</subfield>
  </datafield>
  <datafield tag="260" ind1=" " ind2=" ">
    <subfield code="c">2023</subfield>
  </datafield>
  <datafield tag="520" ind1=" " ind2=" ">
    <subfield code="a">Passive seismic interferometry has become a popular technique towards monitoring. The method depends on the relative stability of background seismic sources in order to make repeatable measurements of subsurface properties. Such stability is typically assessed by examining the similarity of cross-correlation functions through time. Thus, techniques that can better assess the temporal similarity of cross-correlation functions may aid in discriminating between real subsurface processes and artificial changes related variable seismic sources. In this study, we apply agglomerative hierarchical clustering to cross-correlation functions computed using seismic networks at two volcanoes. This allows us to form groups of data that share similar characteristics and also, unlike common similarity measures, does not require a defined reference period. At Piton de la Fournaise (La Réunion island), we resolve distinct clusters that relate both to changes in the seismic source (volcanic tremor onset) and changes in the medium following volcanic eruptions. At Mt Ruapehu (New Zealand), we observe a consistency to cross-correlation functions computed in the frequency band of volcanic tremor, suggesting tremor could be useful as a repeatable seismic source. Our results demonstrate the potential of hierarchical clustering as a similarity measure for cross-correlation functions, suggesting it could be a useful step towards recognizing structure in seismic interferometry data sets. This can benefit both decisions in processing and interpretations of observed subsurface changes.</subfield>
  </datafield>
  <datafield tag="594" ind1=" " ind2=" ">
    <subfield code="a">NO</subfield>
  </datafield>
  <datafield tag="653" ind1="1" ind2=" ">
    <subfield code="a">seismology</subfield>
  </datafield>
  <datafield tag="653" ind1="1" ind2=" ">
    <subfield code="a">volcanology</subfield>
  </datafield>
  <datafield tag="653" ind1="1" ind2=" ">
    <subfield code="a">volcano-seismology</subfield>
  </datafield>
  <datafield tag="653" ind1="1" ind2=" ">
    <subfield code="a">ambient noise</subfield>
  </datafield>
  <datafield tag="653" ind1="1" ind2=" ">
    <subfield code="a">machine learning</subfield>
  </datafield>
  <datafield tag="653" ind1="1" ind2=" ">
    <subfield code="a">classification</subfield>
  </datafield>
  <datafield tag="653" ind1="1" ind2=" ">
    <subfield code="a">clustering</subfield>
  </datafield>
  <datafield tag="653" ind1="1" ind2=" ">
    <subfield code="a">eruption</subfield>
  </datafield>
  <datafield tag="700" ind1=" " ind2=" ">
    <subfield code="a">Caudron, Corentin</subfield>
  </datafield>
  <datafield tag="700" ind1=" " ind2=" ">
    <subfield code="a">Lesage, Philippe</subfield>
  </datafield>
  <datafield tag="700" ind1=" " ind2=" ">
    <subfield code="a">Mordret, Aurélien</subfield>
  </datafield>
  <datafield tag="700" ind1=" " ind2=" ">
    <subfield code="a">Lecocq, Thomas</subfield>
  </datafield>
  <datafield tag="700" ind1=" " ind2=" ">
    <subfield code="a">Soubestre, Jean</subfield>
  </datafield>
  <datafield tag="773" ind1=" " ind2=" ">
    <subfield code="p">Geophysical Journal International</subfield>
    <subfield code="v">233</subfield>
    <subfield code="y">2023</subfield>
    <subfield code="c">472–489</subfield>
  </datafield>
  <datafield tag="856" ind1="0" ind2=" ">
    <subfield code="f">thomas.lecocq@observatoire.be</subfield>
  </datafield>
  <datafield tag="856" ind1="4" ind2="2">
    <subfield code="a">https://doi.org/10.1093/gji/ggac469</subfield>
  </datafield>
  <datafield tag="856" ind1="4" ind2=" ">
    <subfield code="s">1475444</subfield>
    <subfield code="u">http://publi2-as.oma.be/record/5887/files/ggac469fig3.png</subfield>
    <subfield code="y">Cluster output using 0.1–1.0 Hz cross-correlation functions (CCFs) for station-pair UV05-UV12 at Piton de la Fournaise (blue line in Fig. 1a). (a) Normalized spectral width measurement. Lower values indicate a more coherent seismic wavefield dominated by fewer seismic sources. Dashed white lines show frequency range of CCFs. Triangles above (red) indicate eruption start times (b) Correlogram showing amplitudes of CCFs at different lag times (red = positive, blue = negative). Dashed black lines show part of CCFs used in clustering. (c) Location of clusters in time, colour-coded according to dendrogram output in (e). (d) Apparent velocity changes, colour-coded according to correlation coefficient (CC) computed between 10-d stacks and the reference stack period (shaded grey). Vertical red bars denote timing of eruptive activity. (e) Dendrogram, with clusters defined at a distance threshold of 0.2 (dashed-red line). (f) Mean value of spectral width as a function of frequency within time period of each cluster. (g) Normalized frequency spectrum of CCFs within each cluster, computed from averaged CCF. Legend shows Scale Factor (SF) to convert from non-normalized spectrum. (h) Average of CCFs within each cluster at positive lag times. (i) Mean coherence, averaged over CCF frequency range, between different clusters at positive lag times, computed using moving window of 10-s length with 0.5 s step (95 per cent overlap).</subfield>
  </datafield>
  <datafield tag="856" ind1="4" ind2=" ">
    <subfield code="s">17315</subfield>
    <subfield code="u">http://publi2-as.oma.be/record/5887/files/ggac469fig3.gif?subformat=icon</subfield>
    <subfield code="x">icon</subfield>
    <subfield code="y">Cluster output using 0.1–1.0 Hz cross-correlation functions (CCFs) for station-pair UV05-UV12 at Piton de la Fournaise (blue line in Fig. 1a). (a) Normalized spectral width measurement. Lower values indicate a more coherent seismic wavefield dominated by fewer seismic sources. Dashed white lines show frequency range of CCFs. Triangles above (red) indicate eruption start times (b) Correlogram showing amplitudes of CCFs at different lag times (red = positive, blue = negative). Dashed black lines show part of CCFs used in clustering. (c) Location of clusters in time, colour-coded according to dendrogram output in (e). (d) Apparent velocity changes, colour-coded according to correlation coefficient (CC) computed between 10-d stacks and the reference stack period (shaded grey). Vertical red bars denote timing of eruptive activity. (e) Dendrogram, with clusters defined at a distance threshold of 0.2 (dashed-red line). (f) Mean value of spectral width as a function of frequency within time period of each cluster. (g) Normalized frequency spectrum of CCFs within each cluster, computed from averaged CCF. Legend shows Scale Factor (SF) to convert from non-normalized spectrum. (h) Average of CCFs within each cluster at positive lag times. (i) Mean coherence, averaged over CCF frequency range, between different clusters at positive lag times, computed using moving window of 10-s length with 0.5 s step (95 per cent overlap).</subfield>
  </datafield>
  <datafield tag="856" ind1="4" ind2=" ">
    <subfield code="s">17774</subfield>
    <subfield code="u">http://publi2-as.oma.be/record/5887/files/ggac469fig3.jpg?subformat=icon-180</subfield>
    <subfield code="x">icon-180</subfield>
    <subfield code="y">Cluster output using 0.1–1.0 Hz cross-correlation functions (CCFs) for station-pair UV05-UV12 at Piton de la Fournaise (blue line in Fig. 1a). (a) Normalized spectral width measurement. Lower values indicate a more coherent seismic wavefield dominated by fewer seismic sources. Dashed white lines show frequency range of CCFs. Triangles above (red) indicate eruption start times (b) Correlogram showing amplitudes of CCFs at different lag times (red = positive, blue = negative). Dashed black lines show part of CCFs used in clustering. (c) Location of clusters in time, colour-coded according to dendrogram output in (e). (d) Apparent velocity changes, colour-coded according to correlation coefficient (CC) computed between 10-d stacks and the reference stack period (shaded grey). Vertical red bars denote timing of eruptive activity. (e) Dendrogram, with clusters defined at a distance threshold of 0.2 (dashed-red line). (f) Mean value of spectral width as a function of frequency within time period of each cluster. (g) Normalized frequency spectrum of CCFs within each cluster, computed from averaged CCF. Legend shows Scale Factor (SF) to convert from non-normalized spectrum. (h) Average of CCFs within each cluster at positive lag times. (i) Mean coherence, averaged over CCF frequency range, between different clusters at positive lag times, computed using moving window of 10-s length with 0.5 s step (95 per cent overlap).</subfield>
  </datafield>
  <datafield tag="905" ind1=" " ind2=" ">
    <subfield code="a">published in</subfield>
  </datafield>
  <datafield tag="980" ind1=" " ind2=" ">
    <subfield code="a">REFERD</subfield>
  </datafield>
</record>
</collection>